000 00837nam0a22002771 4500
001 rc\4287898
005 20250611151209.0
035 _a(NLR Aleph) 008250799
090 _a8334818
_c8334818
100 _a20130416d1966 |||y0rusy50 ca
101 0 _arus
102 _aRU
105 _aa z |||||
200 1 _aПрограммируемая телеметрия для космических задач
210 _aБ. м.
_cБ. и.
_d1966
215 _a18 с.
_cил.
_d22
225 1 _aПеревод
_v№ 3048 (66)
300 _aПер. из: Wescon/65, Pt. S, paper 14.3
300 _aОтпеч. множит. аппаратом
700 1 _aБергер
_bН.Н.
701 1 _aУльриксон
_bР.В.
801 0 _aRU
_bNLR
_gpsbo
801 1 _aRU
_bELAR
_2rusmarc
852 _aNLR
_j66-6/8349
942 _cBOOK
980 _aNB